000 00452cam a22001934a 4500
005 20250605164324.0
008 250528s ||||||||||||||||||||||||d
035 _a22959
020 _a9781403911322
040 _aGR-AtMCL
_bgre
_dGR-AtMCL
_eAACR2
245 1 _aSKILLS FOR SUCCESS
250 _a1
260 _bPalgrave Macmillan,
_c2003
300 _a296
700 1 _aCottrell Stella
_97020
942 _cBK
999 _c8001
_d8001